000
00501nam a2200181Ia 4500
008
090124s9999 xx 000 0 und d
082
_b
21632
100
_a
खेडकर सुशिला
245
_a
फुलोरा
250
_a
1
260
_b
वरदा बुक्स
_c
1984
300
_a
195
600
_a
खेडकर सुशिला
630
_a
फुलोरा
700
_a
खेडकर सुशिला
730
_a
फुलोरा
942
_c
BOOK
999
_c
91561
_d
91561